<?xml version="1.0" encoding="UTF-8"?>
<collection xmlns="http://www.loc.gov/MARC21/slim">
 <record>
  <leader>01279nam a22002177a 4500</leader>
  <controlfield tag="001">NCT_64047</controlfield>
  <controlfield tag="008">190508b        xxu||||| |||| 00| 0 vie d</controlfield>
  <datafield tag="999" ind1=" " ind2=" ">
   <subfield code="c">3098</subfield>
   <subfield code="d">3098</subfield>
  </datafield>
  <datafield tag="020" ind1=" " ind2=" ">
   <subfield code="a">9786049314186</subfield>
   <subfield code="c">198000</subfield>
  </datafield>
  <datafield tag="082" ind1="0" ind2="4">
   <subfield code="2">23rd ed.</subfield>
   <subfield code="a">332.02401</subfield>
   <subfield code="b">R632/Q.1</subfield>
  </datafield>
  <datafield tag="100" ind1="1" ind2=" ">
   <subfield code="a">Robbins, Tony</subfield>
  </datafield>
  <datafield tag="245" ind1="1" ind2="0">
   <subfield code="a">Tiền làm chủ cuộc chơi :</subfield>
   <subfield code="b">7 bước đơn giản để đạt được tự do tài chính</subfield>
   <subfield code="n">Quyển 1</subfield>
   <subfield code="c">Tony Robbins ; Nguyễn Phúc Quang Ngọc (dịch)</subfield>
  </datafield>
  <datafield tag="260" ind1=" " ind2=" ">
   <subfield code="a">H.</subfield>
   <subfield code="b">Công thương</subfield>
   <subfield code="c">2018</subfield>
  </datafield>
  <datafield tag="300" ind1=" " ind2=" ">
   <subfield code="a">519 tr.</subfield>
   <subfield code="c">23cm</subfield>
  </datafield>
  <datafield tag="520" ind1="3" ind2=" ">
   <subfield code="a">Cuốn sách sẽ chỉ dẫn và giúp bạn tăng khả năng hiểu biết về cách làm chủ cuộc chơi, và về lâu dài, đạt được sự tự do tài chính của mình.</subfield>
  </datafield>
  <datafield tag="653" ind1=" " ind2=" ">
   <subfield code="a">Sách tham khảo</subfield>
  </datafield>
  <datafield tag="700" ind1="1" ind2=" ">
   <subfield code="a">Nguyễn Phúc Quang Ngọc</subfield>
   <subfield code="e">Dịch</subfield>
  </datafield>
  <datafield tag="942" ind1=" " ind2=" ">
   <subfield code="2">ddc</subfield>
   <subfield code="c">BK</subfield>
  </datafield>
  <datafield tag="952" ind1=" " ind2=" ">
   <subfield code="0">0</subfield>
   <subfield code="1">0</subfield>
   <subfield code="2">ddc</subfield>
   <subfield code="4">0</subfield>
   <subfield code="6">332_024010000000000_R632_Q_1</subfield>
   <subfield code="7">0</subfield>
   <subfield code="9">16816</subfield>
   <subfield code="a">000001</subfield>
   <subfield code="b">000001</subfield>
   <subfield code="d">2019-05-08</subfield>
   <subfield code="o">332.02401 R632/Q.1</subfield>
   <subfield code="p">TK.01417</subfield>
   <subfield code="r">2019-05-08</subfield>
   <subfield code="v">198000.00</subfield>
   <subfield code="w">2019-05-08</subfield>
   <subfield code="y">BK</subfield>
  </datafield>
  <datafield tag="952" ind1=" " ind2=" ">
   <subfield code="0">0</subfield>
   <subfield code="1">0</subfield>
   <subfield code="2">ddc</subfield>
   <subfield code="4">0</subfield>
   <subfield code="6">332_024010000000000_R632_Q_1</subfield>
   <subfield code="7">0</subfield>
   <subfield code="9">16817</subfield>
   <subfield code="a">000001</subfield>
   <subfield code="b">000001</subfield>
   <subfield code="d">2019-05-08</subfield>
   <subfield code="o">332.02401 R632/Q.1</subfield>
   <subfield code="p">TK.01418</subfield>
   <subfield code="r">2019-05-08</subfield>
   <subfield code="v">198000.00</subfield>
   <subfield code="w">2019-05-08</subfield>
   <subfield code="y">BK</subfield>
  </datafield>
  <datafield tag="980" ind1=" " ind2=" ">
   <subfield code="a">Thư viện Trường Đại học Nam Cần Thơ</subfield>
  </datafield>
 </record>
</collection>
